Amónna soľ, spôsob jej prípravy, herbicídna kompozícia s jej obsahom a jej použitie. C 07D 239/52

Podrobná bibliografia
Hlavný autor: Anderson, Richard James (Autor)
Médium: Kniha
Jazyk:neznámy jazyk
Fyzický popis:16 s.
Vydavateľské údaje: Bratislava Úrad priemyselného vlastníctva SR 1998

MARC

LEADER 00000nam a2200000 a 4500
001 vtls001343111
003 SK-MaSNL
005 20260301010117.0
008 240315sm y0 xo 0 und
035 |a SNK000296277 
040 |a SNK  |b slo  |c SNK  |e AACR2 
044 |a xo  |c SK 
100 1 |a Anderson, Richard James  |4 aut  |9 291429 
245 1 |a Amónna soľ, spôsob jej prípravy, herbicídna kompozícia s jej obsahom a jej použitie. C 07D 239/52 
260 |a Bratislava  |b Úrad priemyselného vlastníctva SR  |c 1998 
300 |a 16 s. 
999 |c 547149  |d 549079 
952 |t P60, <04>, [BOOK], {604}  |a SNK  |b SNK  |y VYP  |7 0  |p 17A0158788  |o snkSK 278965  |i snkPS 368/98  |0 0  |1 0  |4 0  |d 1998-09-25  |l 0  |r 2005-01-02 00:00:00  |w 2026-02-23 
952 |t P60, <04>, [BOOK], {604}  |a SNK  |b SNK  |y VYP  |7 0  |p 17A0174173  |o snkSK 278965/opr.  |i snkPS 532/98  |0 0  |1 0  |4 0  |d 1998-12-22  |l 0  |r 2005-01-02 00:00:00  |w 2026-02-23